[Event "CPV-ch (Women)"]
[Site "Ribeira Brava"]
[Date "2025.05.03"]
[Round "5"]
[White "Almeida, Jacira Laura"]
[Black "Gomes, Samara"]
[Result "1-0"]
[WhiteElo "1591"]
[BlackElo "1550"]
[PlyCount "85"]
[EventDate "2025.05.01"]
[EventType "tourn"]
[EventRounds "7"]
[EventCountry "KAP"]
[SourceTitle "CB19_2025"]
[SourceDate "2025.05.07"]
[SourceVersion "1"]
[SourceVersionDate "2025.05.07"]
[SourceQuality "1"]

1. e4 e5 2. Nf3 Nf6 3. Nxe5 Nxe4 4. Nxf7 Kxf7 5. Qf3+ Nf6 6. Bc4+ Ke8 7. 0-0 d5 8. Bb3 g6 9. d4 h5 10. h3 Nc6 11. Bg5 Be7 12. Re1 Nxd4 13. Qxf6 Rh7 14. Qxd4 Kf8 15. Bxe7+ Rxe7 16. Qh8+ Kf7 17. Qxd8 Rxe1+ 18. Kh2 c6 19. c4 Re8 20. Qc7+ Re7 21. Qf4+ Bf5 22. g4 Re4 23. Qc7+ Re7 24. Qxe7+ Kxe7 25. gxf5 gxf5 26. cxd5 Kd6 27. dxc6 bxc6 28. Nc3 Rb8 29. Rg1 c5 30. Na4 Rb4 31. Rg5 Rf4 32. Kg3 Ke5 33. Nxc5 h4+ 34. Kg2 Kf6 35. Rg8 Ke5 36. Nd3+ Ke4 37. Nxf4 Kxf4 38. Ra8 Ke4 39. Rxa7 f4 40. a4 Kd3 41. Rc7 Ke2 42. a5 f3+ 43. Kg1 1-0

[Event "CPV-ch (Women)"]
[Site "Ribeira Brava"]
[Date "2025.05.01"]
[Round "1"]
[White "Gomes, Samara"]
[Black "Spinola, Divania"]
[Result "1-0"]
[WhiteElo "1550"]
[BlackElo "1555"]
[PlyCount "205"]
[EventDate "2025.05.01"]
[EventType "tourn"]
[EventRounds "7"]
[EventCountry "KAP"]
[SourceTitle "CB19_2025"]
[SourceDate "2025.05.07"]
[SourceVersion "1"]
[SourceVersionDate "2025.05.07"]
[SourceQuality "1"]

1. e4 e5 2. d4 d6 3. Nf3 Nd7 4. Bc4 Ngf6 5. Nc3 Be7 6. 0-0 0-0 7. Ng5 d5 8. exd5 h6 9. d6 hxg5 10. dxe7 Qxe7 11. Re1 Re8 12. Bxg5 b6 13. Nd5 Qd6 14. Qf3 Bb7 15. Ne7+ Rxe7 16. Qxb7 Ree8 17. dxe5 Nxe5 18. Rad1 Qc6 19. Qxc6 Nxc6 20. h4 Nh7 21. Bf4 Rac8 22. Bb5 Rxe1+ 23. Rxe1 Nd4 24. c4 c6 25. Re4 Nxb5 26. cxb5 cxb5 27. Rb4 Nf6 28. Rxb5 Rc2 29. a3 Rc4 30. Bg5 Ne4 31. b3 Rc6 32. f3 Nd6 33. Rd5 f6 34. Bf4 Nb7 35. Rd7 Nc5 36. Rd8+ Kf7 37. b4 Ne6 38. Rd6 Rc4 39. Be3 Rxh4 40. Rd7+ Kg6 41. Rxa7 Rc4 42. Bxb6 Nf4 43. Kf2 Nd5 44. Bc5 Rc2+ 45. Kg3 f5 46. f4 Rc3+ 47. Kf2 Nxf4 48. Be3 Rc2+ 49. Kf3 Nxg2 50. b5 f4 51. Bxf4 Nxf4 52. Kxf4 Rc4+ 53. Ke5 Rc5+ 54. Kd6 Rxb5 55. a4 Rb1 56. a5 Rd1+ 57. Kc6 Rc1+ 58. Kb5 Rb1+ 59. Kc6 Rc1+ 60. Kd7 Rd1+ 61. Kc7 Rc1+ 62. Kd6 Rd1+ 63. Ke7 Re1+ 64. Kf8 Rf1+ 65. Kg8 Rf5 66. a6 Ra5 67. Kf8 Kf6 68. Kg8 g6 69. Kf8 g5 70. Rf7+ Kg6 71. a7 g4 72. Ke8 Kg5 73. Kd8 g3 74. Kc8 Kg4 75. Kb8 g2 76. a8Q Rxa8+ 77. Kxa8 g1Q 78. Rg7+ Kf3 79. Rxg1 Kf2 80. Rg4 Kf3 81. Rg8 Kf4 82. Kb8 Kf5 83. Kc8 Ke4 84. Rf8 Kd4 85. Re8 Kd3 86. Kc7 Kd4 87. Kd6 Kc4 88. Re4+ Kd3 89. Kd5 Kc3 90. Re3+ Kd2 91. Kd4 Kc2 92. Re2+ Kb3 93. Kc5 Kc3 94. Re3+ Kd2 95. Kd4 Kc2 96. Rd3 Kb2 97. Kc4 Kc2 98. Kd4 Kb2 99. Ke3 Kc2 100. Ke2 Kb2 101. Kd2 Ka2 102. Kc1 Ka1 103. Ra3# 1-0